Podnikateľský zámer ako podklad pre založenie firmy bakalárska práca

Guardado en:
Detalles Bibliográficos
Autor principal: Bielovičová, Lucia
Autor Corporativo: Fakulta podnikového manažmentu EU. Katedra podnikovohospodárska
Otros Autores: Kufelová, Iveta, 1970-
Formato: Libro
Lenguaje:eslovaco
Publicado: Bratislava 2017
Etiquetas: Agregar Etiqueta
Sin Etiquetas, Sea el primero en etiquetar este registro!

MARC

LEADER 00000nbm a2200000 4500
001 0232424
005 20171024100939.8
041 0 |a slo 
044 |a SK 
245 1 0 |a Podnikateľský zámer ako podklad pre založenie firmy  |b bakalárska práca  |c Lucia Bielovičová ; školiteľ: Iveta Kufelová 
264 1 |a Bratislava  |c 2017 
300 |a 42 s. 
100 1 |a Bielovičová, Lucia 
700 1 |a Kufelová, Iveta, 1970- 
710 2 |a Fakulta podnikového manažmentu EU. Katedra podnikovohospodárska